<?xml version="1.0" encoding="UTF-8"?><marc:collection xmlns:marc="http://www.loc.gov/MARC21/slim">
  <marc:record>
    <marc:leader>00000nam##2200000za#4500</marc:leader>
    <marc:controlfield tag="001">9.575834</marc:controlfield>
    <marc:controlfield tag="003">CaOODSP</marc:controlfield>
    <marc:controlfield tag="005">20210624184843</marc:controlfield>
    <marc:controlfield tag="007">cr |||||||||||</marc:controlfield>
    <marc:controlfield tag="008">150406|2008||||xxc|||||o    f|0| 0 eng|d</marc:controlfield>
    <marc:datafield tag="040" ind1=" " ind2=" ">
      <marc:subfield code="a">CaOODSP</marc:subfield>
      <marc:subfield code="b">eng</marc:subfield>
    </marc:datafield>
    <marc:datafield tag="043" ind1=" " ind2=" ">
      <marc:subfield code="a">n-cn---</marc:subfield>
    </marc:datafield>
    <marc:datafield tag="086" ind1="1" ind2=" ">
      <marc:subfield code="a">TU3-6/08-270E-PDF</marc:subfield>
    </marc:datafield>
    <marc:datafield tag="110" ind1="2" ind2=" ">
      <marc:subfield code="a">Transportation Safety Board of Canada.</marc:subfield>
    </marc:datafield>
    <marc:datafield tag="245" ind1="1" ind2="0">
      <marc:subfield code="a">Non-main-track train runaway and collision - Kettle Falls International Railway Waneta Turn Assignment, Mile 141.20, Kettle Falls Subdivision Waneta, British Columbia, 29 December 2008 </marc:subfield>
      <marc:subfield code="h">[electronic resource]</marc:subfield>
    </marc:datafield>
    <marc:datafield tag="260" ind1=" " ind2=" ">
      <marc:subfield code="a">Ottawa - Ontario : </marc:subfield>
      <marc:subfield code="b">Transportation Safety Board of Canada </marc:subfield>
      <marc:subfield code="c">[2008].</marc:subfield>
    </marc:datafield>
    <marc:datafield tag="300" ind1=" " ind2=" ">
      <marc:subfield code="a">21p.</marc:subfield>
      <marc:subfield code="b">coloured illus., figs.</marc:subfield>
    </marc:datafield>
    <marc:datafield tag="490" ind1="1" ind2=" ">
      <marc:subfield code="a">Railway investigation report </marc:subfield>
      <marc:subfield code="v">R08V0270</marc:subfield>
    </marc:datafield>
    <marc:datafield tag="590" ind1=" " ind2=" ">
      <marc:subfield code="a">13-06-Supp</marc:subfield>
      <marc:subfield code="b">2013-03-19</marc:subfield>
    </marc:datafield>
    <marc:datafield tag="775" ind1="0" ind2="8">
      <marc:subfield code="t">Dérive et collision hors d'une voie principale – Kettle Falls International Railway, Mission de Waneta Point milliaire 141,20 de la subdivision Kettle Falls Waneta (Colombie Britannique), 29 décembre 2008 </marc:subfield>
      <marc:subfield code="w">(CaOODSP)9.605247</marc:subfield>
    </marc:datafield>
    <marc:datafield tag="830" ind1="#" ind2="0">
      <marc:subfield code="a">Railway investigation report ;</marc:subfield>
      <marc:subfield code="v">R08V0270</marc:subfield>
      <marc:subfield code="w">(CaOODSP)9.504849</marc:subfield>
    </marc:datafield>
    <marc:datafield tag="856" ind1="4" ind2="0">
      <marc:subfield code="a">http://publications.gc.ca</marc:subfield>
      <marc:subfield code="q">PDF</marc:subfield>
      <marc:subfield code="s">1413 KB</marc:subfield>
      <marc:subfield code="u">https://publications.gc.ca/collections/collection_2013/bst-tsb/TU3-6-08-270-eng.pdf</marc:subfield>
      <marc:subfield code="y">R08V0270</marc:subfield>
    </marc:datafield>
  </marc:record>
</marc:collection>
